[Event "7th Sunway Sitges 2020"]
[Site "Sitges ESP"]
[Date "2020.12.22"]
[Round "9.20"]
[White "Ortega Serra, Marc"]
[Black "Dragnev, Valentin"]
[Result "0-1"]
[BlackTitle "GM"]
[WhiteElo "2288"]
[BlackElo "2564"]
[WhiteFideId "2293137"]
[BlackFideId "1634852"]
[EventDate "2020.12.13"]

1. d4 Nf6 2. c4 g6 3. Nc3 Bg7 4. e4 d6 5. f4 c5 6. d5 O-O 7. Nf3 e6 8. dxe6 fxe6
9. Bd3 Nc6 10. O-O Nd4 11. Ng5 e5 12. f5 h6 13. Nh3 gxf5 14. exf5 Qe8 15. Nf2
Bxf5 16. Bxf5 Nxf5 17. Nfe4 Nxe4 18. Qd5+ Kh7 19. Qxe4 Qg6 20. Be3 Nd4 21. Bxd4
exd4 22. Qxg6+ Kxg6 23. Nb5 d3 24. Rfd1 Bxb2 25. Rab1 Be5 26. Rxd3 Rf6 27. Rf3
Rxf3 28. gxf3 Rf8 29. Nxa7 Rxf3 30. Rxb7 Rc3 31. Nc6 Rc1+ 32. Kg2 Rc2+ 33. Kf3
Bxh2 34. a4 Rc3+ 35. Kg2 Rc2+ 36. Kf3 Rc3+ 37. Kg2 Bf4 38. a5 Ra3 39. Rb8 h5 40.
Rf8 Kg5 41. Rg8+ Kf5 42. Ne7+ Ke4 43. Nc6 Ra2+ 44. Kh1 Kf3 0-1

[Event "7th Sunway Sitges 2020"]
[Site "Sitges ESP"]
[Date "2020.12.22"]
[Round "9.21"]
[White "Bellahcene, Bilel"]
[Black "Boyer, Mahel"]
[Result "1-0"]
[WhiteTitle "GM"]
[BlackTitle "FM"]
[WhiteElo "2510"]
[BlackElo "2307"]
[WhiteFideId "696358"]
[BlackFideId "45102422"]
[EventDate "2020.12.13"]

1. e4 e6 2. d4 d5 3. Nc3 Nf6 4. e5 Nfd7 5. f4 c5 6. Nf3 Nc6 7. Be3 b6 8. Bb5 Bb7
9. Qd2 Be7 10. O-O-O a6 11. Bxc6 Bxc6 12. f5 exf5 13. dxc5 Nxc5 14. Nd4 Qd7 15.
Rhf1 O-O 16. Nxf5 Rac8 17. Nxd5 Bxd5 18. Qxd5 Qc7 19. Nd6 Bxd6 20. exd6 Qd7 21.
Bg5 Ne6 22. Be7 Rc5 23. Qf3 Rfc8 24. Qxf7+ Kh8 25. Rd2 Qc6 26. Qf2 Qd7 27. Kb1
h6 28. Re1 Ra5 29. Re3 Nc5 30. Qf3 Qa4 31. Ra3 Qb4 32. d7 1-0

[Event "7th Sunway Sitges 2020"]
[Site "Sitges ESP"]
[Date "2020.12.22"]
[Round "9.22"]
[White "Alvarez Albiol, Victor"]
[Black "Siebrecht, Sebastian"]
[Result "1-0"]
[BlackTitle "GM"]
[WhiteElo "2206"]
[BlackElo "2429"]
[WhiteFideId "32065930"]
[BlackFideId "4609352"]
[EventDate "2020.12.13"]

1. e4 c5 2. Nf3 e6 3. d4 cxd4 4. Nxd4 a6 5. Bd3 Bc5 6. Nb3 Be7 7. Qg4 Bf6 8. a4
d6 9. Nc3 Ne7 10. O-O e5 11. Qe2 Be6 12. Bc4 Bxc4 13. Qxc4 Nbc6 14. Rd1 Rc8 15.
Qe2 Nd4 16. Nxd4 exd4 17. Nb1 O-O 18. c3 Nc6 19. Bf4 Re8 20. Qf3 Qb6 21. Nd2 Na5
22. b4 dxc3 23. bxa5 Qxa5 24. Ra2 cxd2 25. Bxd2 Qe5 26. Qb3 Qxe4 27. g3 Bd4 28.
a5 Re5 29. Bf4 Rb5 30. Qa4 Rc4 31. Qxc4 Bxf2+ 32. Rxf2 Qxc4 33. Rc1 Qe6 34. Re2
Qd7 35. Rc7 Qd8 36. Ree7 g5 37. Be3 Rf5 38. Bd4 h6 39. h3 Kh7 40. g4 Rf4 41. Bc3
Kg6 42. Re6+ Kh7 43. Ree7 Rf3 44. Rxf7+ Kg8 45. Rg7+ Kf8 46. Rh7 Qxc7 47. Rxc7
Rxh3 48. Kg2 Rh4 49. Kg3 h5 50. gxh5 Rxh5 51. Kg4 Rh1 52. Kxg5 Rb1 53. Kf6 Ke8
54. Bd4 Rb4 55. Ke6 Kd8 56. Bb6 Re4+ 57. Kxd6 Ke8 58. Rxb7 Rh4 59. Re7+ Kf8 60.
Ra7 Rh6+ 61. Kc5 Ke8 62. Rxa6 Kd7 63. Ra7+ Kc8 64. Rg7 Rh5+ 65. Kc6 Rh6+ 66. Kb5
Rh8 67. Ka6 Kb8 68. Rb7+ Ka8 69. Ra7+ 1-0

[Event "7th Sunway Sitges 2020"]
[Site "Sitges ESP"]
[Date "2020.12.22"]
[Round "9.23"]
[White "Travadon, Loic"]
[Black "Garcia Gimenez, Santiago"]
[Result "1-0"]
[WhiteTitle "IM"]
[WhiteElo "2421"]
[BlackElo "2300"]
[WhiteFideId "26092131"]
[BlackFideId "32063350"]
[EventDate "2020.12.13"]

1. Nf3 Nf6 2. c4 g6 3. Nc3 d5 4. cxd5 Nxd5 5. e4 Nxc3 6. bxc3 Bg7 7. Rb1 O-O 8.
h4 c5 9. h5 Nc6 10. Qe2 b6 11. Qe3 e6 12. Bb5 Bb7 13. hxg6 hxg6 14. Ng5 Qe7 15.
Qh3 Rfd8 16. f4 Rac8 17. O-O a6 18. Be2 b5 19. d3 Rc7 20. Be3 Rcd7 21. Rbd1 Re8
22. g4 b4 23. f5 exf5 24. gxf5 bxc3 25. fxg6 f6 26. Bg4 Rd6 27. Nf7 Rd4 28. Qh7+
Kf8 29. Bh6 1-0

[Event "7th Sunway Sitges 2020"]
[Site "Sitges ESP"]
[Date "2020.12.22"]
[Round "9.24"]
[White "Ortega Ruiz, Jose Miguel"]
[Black "Vlachos, Anatole"]
[Result "1/2-1/2"]
[WhiteTitle "FM"]
[BlackTitle "IM"]
[WhiteElo "2251"]
[BlackElo "2413"]
[WhiteFideId "2209713"]
[BlackFideId "26093189"]
[EventDate "2020.12.13"]

1. d4 f5 2. g3 Nf6 3. Bg2 e6 4. Nf3 Be7 5. O-O O-O 6. c4 d6 7. Nc3 Ne4 8. Rb1
Bf6 9. Qd3 Nxc3 10. bxc3 Nc6 11. d5 exd5 12. cxd5 Ne5 13. Nxe5 Bxe5 14. f4 Bf6
15. e4 g6 16. c4 fxe4 17. Bxe4 b6 18. h4 Qe7 19. Bd2 Bh3 20. Rfe1 Qg7 21. Kh2
Bd7 22. Bg2 Rae8 23. Bh3 Bxh3 24. Kxh3 Qd7+ 25. Kh2 Qg4 26. Re4 Rxe4 27. Qxe4
Rf7 28. Qe8+ Kg7 29. Re1 Qf3 30. Qe3 Qg4 31. Bc3 Qf5 32. Bxf6+ Qxf6 33. Qe8 h5
34. Re2 a6 35. a4 Qc3 36. Re7 Qc2+ 37. Kh3 Qf5+ 1/2-1/2

[Event "7th Sunway Sitges 2020"]
[Site "Sitges ESP"]
[Date "2020.12.22"]
[Round "9.25"]
[White "Valenzuela Gomez, Fernando"]
[Black "Degardin, Sylvain"]
[Result "1/2-1/2"]
[WhiteTitle "IM"]
[WhiteElo "2390"]
[BlackElo "2227"]
[WhiteFideId "3409392"]
[BlackFideId "20623070"]
[EventDate "2020.12.13"]

1. Nf3 Nf6 2. c4 e6 3. d4 b6 4. Nc3 Bb4 5. Bd2 Bb7 6. e3 O-O 7. Bd3 Bxc3 8. Bxc3
Ne4 9. Bxe4 Bxe4 10. d5 c5 11. Nd2 exd5 12. Nxe4 dxe4 13. Qg4 f6 14. Qxe4 Nc6
15. Rd1 Rf7 16. Rd6 Qe7 17. Qd5 Re8 18. O-O Nb8 19. b3 Qe4 20. Qd2 Re6 21. Rd3
Rfe7 22. f3 Qc6 23. a4 d6 24. e4 Qc7 25. Rd1 Rd7 26. Re3 Qc6 27. Qe2 Rde7 28.
Rd5 Na6 29. Be1 Qe8 30. h3 Nc7 31. Rd1 f5 32. Bh4 Rd7 33. Bg3 g5 34. Red3 fxe4
35. fxe4 Rxe4 36. Qd2 Ne6 37. Bxd6 Qg6 38. Kh2 Nd4 39. Bg3 Rde7 40. Qc3 Qf6 41.
R1d2 Re2 42. Rxe2 Rxe2 43. Re3 Qf1 44. Rxe2 Qxe2 45. Bb8 Qe7 46. Qg3 h5 47. Qd3
Kg7 48. b4 g4 49. bxc5 bxc5 50. Qg3 Nf5 51. Qc3+ Nd4 52. Qa5 Nc6 53. Qc7 Qxc7+
54. Bxc7 Kg6 55. Bd6 Na5 56. Bxc5 a6 57. Kg3 gxh3 58. gxh3 Kf5 59. Kh4 Kg6 60.
Kg3 Kf5 61. Kf3 Nxc4 62. Bd4 Nd6 63. Bf2 Ne4 64. Be3 1/2-1/2

[Event "7th Sunway Sitges 2020"]
[Site "Sitges ESP"]
[Date "2020.12.22"]
[Round "9.26"]
[White "Lin, Yingrui"]
[Black "Jimenez Ruano, Adrian"]
[Result "0-1"]
[BlackTitle "FM"]
[WhiteElo "2387"]
[BlackElo "2279"]
[WhiteFideId "32094272"]
[BlackFideId "22276050"]
[EventDate "2020.12.13"]

1. d4 Nf6 2. c4 e6 3. Nc3 Bb4 4. e3 O-O 5. Nf3 d5 6. a3 Bxc3+ 7. bxc3 c5 8. cxd5
exd5 9. Bd3 c4 10. Be2 Ne4 11. Bb2 Qb6 12. Qc1 Qg6 13. O-O Nc6 14. Kh1 Re8 15.
Nd2 Na5 16. Bd1 Bf5 17. Nf3 Qf6 18. a4 Bg4 19. Nd2 Nxf2+ 20. Kg1 Nxd1 21. Rxf6
gxf6 22. h3 Be2 23. Nf1 Nb3 24. Qc2 Nxa1 25. Qxe2 Nxb2 26. Qxb2 Nb3 27. Qf2 Re6
28. Ng3 Kf8 29. Nf5 Ke8 30. Qg3 Kd7 31. Qg7 Rae8 32. Qxf7+ Kc6 33. Ng7 R8e7 34.
Qg8 Rxe3 35. Qc8+ Kb6 36. Qd8+ Kc6 37. Nf5 Re1+ 38. Kh2 R7e6 39. Qc8+ Kb6 40.
Qd7 Nd2 41. Kg3 Ne4+ 42. Kg4 Nxc3 43. Nd6 Rxd6 44. Qxd6+ Ka5 45. Qc7+ Kxa4 46.
Qxb7 Re4+ 47. Kf5 Nb5 48. Qxd5 Rxd4 49. Qc5 c3 50. g4 a6 51. Qc6 Kb4 52. Qxa6 c2
53. Qa1 Rc4 54. Qb2+ Ka4 55. Qc1 Nd4+ 56. Kxf6 Nb3 57. Qe3 c1=Q 58. Qe8+ Rc6+
59. Kg7 Qh6+ 60. Kh8 Qg6 61. Qd7 Kb5 62. Qb7+ Kc4 63. g5 Qe6 64. h4 Nc5 65. Qg7
Rd6 66. Qf8 Qe5+ 67. Kg8 Qd5+ 68. Kxh7 Qd3+ 69. g6 Qxg6+ 70. Kh8 Qh6+ 71. Kg8
Rg6+ 72. Kf7 Rf6+ 0-1

[Event "7th Sunway Sitges 2020"]
[Site "Sitges ESP"]
[Date "2020.12.22"]
[Round "9.27"]
[White "Garcia Ramos, Daniel"]
[Black "Bin-Suhayl, Ieysaa"]
[Result "1-0"]
[WhiteTitle "FM"]
[WhiteElo "2380"]
[BlackElo "2193"]
[WhiteFideId "32010311"]
[BlackFideId "429031"]
[EventDate "2020.12.13"]

1. e4 e6 2. d4 d5 3. Nc3 Nf6 4. e5 Nfd7 5. f4 c5 6. Nf3 Nc6 7. Be3 a6 8. Qd2 b5
9. Be2 Qa5 10. O-O b4 11. Nd1 cxd4 12. Nxd4 Nxd4 13. Bxd4 Bc5 14. Nf2 Bxd4 15.
Qxd4 Qb6 16. Qxb6 Nxb6 17. a3 bxa3 18. Rxa3 a5 19. Rb3 Na4 20. Ra1 Nc5 21. Rba3
Nb7 22. b4 Ke7 23. bxa5 Bd7 24. a6 Nc5 25. Rc3 Rhc8 26. a7 Kd8 27. Rg3 g6 28.
Rh3 h5 29. g4 hxg4 30. Nxg4 Ke7 31. Rh7 Rc7 32. Nh6 Raxa7 33. Rxa7 Rxa7 34. Nxf7
Ra1+ 35. Kf2 Ba4 36. Nd6+ Kd8 37. Ra7 Ra2 38. Ra5 Ne4+ 39. Nxe4 dxe4 40. Ke3
Ra3+ 41. Kd4 Kc7 42. c3 Kb7 43. Bd1 e3 44. Kxe3 Rxc3+ 45. Kd2 Rh3 46. Rxa4 Rxh2+
47. Ke3 1-0

[Event "7th Sunway Sitges 2020"]
[Site "Sitges ESP"]
[Date "2020.12.22"]
[Round "9.28"]
[White "Eizaguerri Floris, Maria"]
[Black "Ootes, Lars"]
[Result "0-1"]
[WhiteTitle "WFM"]
[BlackTitle "IM"]
[WhiteElo "2167"]
[BlackElo "2373"]
[WhiteFideId "32065752"]
[BlackFideId "1019708"]
[EventDate "2020.12.13"]

1. e4 d6 2. d4 Nf6 3. Nc3 g6 4. Bg5 c6 5. Qd2 b5 6. Bd3 Bg7 7. Bh6 Bxh6 8. Qxh6
b4 9. Nce2 e5 10. dxe5 dxe5 11. Nf3 Nbd7 12. Bc4 Nxe4 13. O-O-O Qf6 14. Ng3 Nxf2
15. Rhf1 Ng4 16. Qd2 Qf4 17. Bxf7+ Qxf7 18. Ng5 Qxa2 19. Qd6 Ne3 20. Qxc6 Nc4
21. Qe6+ Kd8 22. Qf6+ Kc7 23. Rxd7+ Bxd7 24. Ne6+ Bxe6 25. Qe7+ Bd7 26. Qc5+ Kd8
27. Rf8+ Rxf8 28. Qxf8+ Be8 29. Qf6+ Kd7 30. Qg7+ Ke6 31. Qg8+ Bf7 0-1

[Event "7th Sunway Sitges 2020"]
[Site "Sitges ESP"]
[Date "2020.12.22"]
[Round "9.39"]
[White "Mayrhuber, Nikola"]
[Black "Odnorozhenko, Evgenyi"]
[Result "0-1"]
[WhiteTitle "WFM"]
[BlackTitle "IM"]
[WhiteElo "1998"]
[BlackElo "2170"]
[WhiteFideId "1637819"]
[BlackFideId "14116588"]
[EventDate "2020.12.13"]

1. d4 d5 2. c4 e6 3. g3 Nf6 4. Bg2 dxc4 5. Nf3 a6 6. Ne5 c5 7. e3 cxd4 8. exd4
Bb4+ 9. Nc3 O-O 10. Bg5 h6 11. h4 Nc6 12. Nxc6 bxc6 13. Bxc6 Rb8 14. Kf1 Be7 15.
Rb1 Bb7 16. Bxb7 Rxb7 17. Qf3 Rd7 18. Be3 Nd5 19. Kg2 Qa5 20. Ne4 f5 21. Nc5
Bxc5 22. dxc5 f4 23. gxf4 Rdf7 24. Qe4 Nxf4+ 25. Kf1 Nd3 26. Qxe6 Kh8 27. Rh2
Qxa2 28. Rd1 Qxb2 29. Rd2 Qb1+ 30. Kg2 Rxf2+ 31. Rxf2 Rxf2+ 32. Kh3 Qf1+ 33. Kg4
Qe2+ 34. Kg3 Qf3# 0-1

[Event "7th Sunway Sitges 2020"]
[Site "Sitges ESP"]
[Date "2020.12.22"]
[Round "9.40"]
[White "Sanleon Pravisano, Nieves"]
[Black "Hapala, Elisabeth"]
[Result "1-0"]
[BlackTitle "WFM"]
[WhiteElo "1847"]
[BlackElo "2154"]
[WhiteFideId "32088590"]
[BlackFideId "1622080"]
[EventDate "2020.12.13"]

1. d4 Nf6 2. c4 e6 3. Nf3 Bb4+ 4. Bd2 a5 5. g3 b6 6. Bg2 Bb7 7. O-O O-O 8. a3
Bxd2 9. Nbxd2 c5 10. Re1 Nc6 11. Nf1 d6 12. e4 cxd4 13. Nxd4 Nxd4 14. Qxd4 Qc7
15. Rad1 Rfd8 16. Ne3 a4 17. h4 Bc6 18. g4 h5 19. Bf3 e5 20. Qd3 hxg4 21. Nxg4
Qe7 22. Ne3 g6 23. h5 Kg7 24. Kg2 Nxh5 25. Bxh5 Qg5+ 26. Bg4 f5 27. f3 fxe4 28.
fxe4 Rf8 29. Rf1 Rf4 30. Rxf4 exf4 31. Qd4+ Kg8 32. Rh1 Qe5 33. Qxe5 dxe5 34.
Nd5 Bxd5 35. cxd5 Ra5 36. d6 Rb5 37. Be6+ Kg7 38. d7 Rxb2+ 39. Kf3 Rd2 40. Bd5
Rd3+ 41. Ke2 1-0

[Event "7th Sunway Sitges 2020"]
[Site "Sitges ESP"]
[Date "2020.12.22"]
[Round "9.41"]
[White "Le Pen, Steven"]
[Black "Luque Saiz, Andres"]
[Result "0-1"]
[WhiteElo "2141"]
[BlackElo "2069"]
[WhiteFideId "612197"]
[BlackFideId "24510793"]
[EventDate "2020.12.13"]

1. e4 e6 2. d4 d5 3. Nc3 Bb4 4. exd5 exd5 5. Bd3 Nc6 6. a3 Ba5 7. Ne2 Nge7 8.
O-O Bg4 9. f3 Bh5 10. Be3 Qd7 11. b4 Bb6 12. Nf4 Bg6 13. Bb5 O-O 14. Bf2 Qd6 15.
Nxg6 Qxg6 16. Ne2 Qf6 17. c3 Nd8 18. Bd3 c6 19. Bg3 Nf5 20. Qd2 Re8 21. Bf2 Bc7
22. Ng3 Nxg3 23. Bxg3 Bxg3 24. hxg3 Qd6 25. Qf4 Qxf4 26. gxf4 Ne6 27. g3 Nc7 28.
Rfe1 h6 29. Kf2 a6 30. a4 Rxe1 31. Rxe1 Re8 32. Rxe8+ Nxe8 33. Ke3 Nd6 34. f5
Kf8 35. Kf4 Ke7 36. Ke5 f6+ 37. Kf4 b5 38. a5 Nf7 39. Kg4 Ng5 40. Be2 Kf7 41.
Kh5 Kf8 42. Kg6 Kg8 43. Bd1 Nf7 44. Be2 Nd6 45. Bd3 Nc8 46. Kh5 Kf7 47. Kg4 Kg8
48. Kf4 Nd6 49. Bf1 Kh7 50. Bh3 h5 51. Bf1 Kh6 52. Bd3 Nc4 53. Bf1 Nb2 54. Ke3
h4 55. gxh4 Kh5 56. f4 Nc4+ 57. Kf2 Kxh4 58. Be2 Nd6 59. Bd3 Kg4 60. Ke3 Nxf5+ 0-1

[Event "7th Sunway Sitges 2020"]
[Site "Sitges ESP"]
[Date "2020.12.22"]
[Round "9.42"]
[White "Sismeiro, Miguel"]
[Black "Roque, Gaetan"]
[Result "1-0"]
[WhiteElo "2035"]
[BlackElo "2132"]
[WhiteFideId "1950975"]
[BlackFideId "20666934"]
[EventDate "2020.12.13"]

1. e4 Nf6 2. e5 Nd5 3. c4 Nb6 4. d4 d6 5. exd6 cxd6 6. Nf3 g6 7. h3 Bg7 8. Be2
O-O 9. O-O Nc6 10. Nc3 Bf5 11. Bg5 d5 12. c5 Nc4 13. b3 N4a5 14. Qd2 b6 15. cxb6
axb6 16. Rac1 Be4 17. Be3 Qd7 18. Ng5 h6 19. Ngxe4 dxe4 20. d5 Nb4 21. Nxe4 Nxd5
22. Bxh6 Nb7 23. Bxg7 Kxg7 24. Rfd1 Rfd8 25. Qd4+ Kh6 26. Bc4 e6 27. Qd2+ Kg7
28. Qb2+ Kh6 29. Nf6 Nxf6 30. Rxd7 Nxd7 31. b4 Kh7 32. Bb3 Nd6 33. a4 Ne4 34.
Rc7 Kg8 35. f3 Ng3 36. Kf2 Nh5 37. Qc3 Nf4 38. Qe3 Ne5 39. Kg3 Ned3 40. Kh2 g5
41. g3 Ng6 42. Bxe6 Nde5 43. Bb3 Rd3 44. Bxf7+ Kf8 45. Qxd3 Nxd3 46. Bxg6 Nxb4
47. h4 gxh4 48. gxh4 Rxa4 49. h5 Nd5 50. Rf7+ Kg8 51. Kg3 Ra1 52. Kg4 Rg1+ 53.
Kf5 Re1 54. Rb7 Re7 55. Rb8+ Kg7 56. Kg5 Re5+ 57. Bf5 Ne3 58. h6+ Kf7 59. Rb7+ 1-0

[Event "7th Sunway Sitges 2020"]
[Site "Sitges ESP"]
[Date "2020.12.22"]
[Round "9.43"]
[White "Ruperez, Miguel"]
[Black "Perez Bolanos, David"]
[Result "1-0"]
[WhiteElo "2124"]
[BlackElo "2068"]
[WhiteFideId "115177"]
[BlackFideId "24564400"]
[EventDate "2020.12.13"]

1. d4 Nf6 2. c4 e6 3. Nc3 c5 4. d5 exd5 5. cxd5 d6 6. e4 g6 7. Bg5 Bg7 8. Nf3
O-O 9. Nd2 h6 10. Bh4 g5 11. Bg3 Re8 12. Be2 a6 13. a4 Qc7 14. O-O Nbd7 15. Qc2
Ne5 16. f4 Ng6 17. e5 Nh7 18. exd6 Qd8 19. Bh5 gxf4 20. Bxf4 Nxf4 21. Bxf7+ Kxf7
22. Qxh7 Qg5 23. Rxf4+ Qxf4 24. Rf1 Qxf1+ 25. Kxf1 Re5 26. Qd3 Bf5 27. Qc4 b6
28. Nf3 Rae8 29. Nxe5+ Bxe5 30. Qxa6 Bxh2 31. Qb7+ Kg8 32. d7 Rd8 33. Qxb6 Rxd7
34. Qxh6 Bd3+ 35. Ke1 Bg3+ 36. Kd2 c4 37. Qe6+ Rf7 38. Qg4+ Rg7 39. Qe6+ Rf7 40.
Ne4 Bf4+ 41. Kc3 Kf8 42. Nd6 1-0

[Event "7th Sunway Sitges 2020"]
[Site "Sitges ESP"]
[Date "2020.12.22"]
[Round "9.45"]
[White "Ezquerro Luque, Albert"]
[Black "Cano Sevilla, Ivan"]
[Result "1/2-1/2"]
[WhiteElo "2101"]
[BlackElo "2052"]
[WhiteFideId "2276682"]
[BlackFideId "32043546"]
[EventDate "2020.12.13"]

1. e4 c5 2. Nc3 e6 3. g3 d5 4. d3 d4 5. Nce2 Nc6 6. Bg2 Nf6 7. h3 Be7 8. f4 O-O
9. Nf3 Qc7 10. O-O b5 11. a4 Rb8 12. axb5 Rxb5 13. b3 a5 14. Nd2 Bd7 15. Nc4 Ra8
16. g4 a4 17. bxa4 Rb7 18. Bd2 Nb4 19. a5 Ra6 20. Kh1 Bb5 21. Bxb4 Bxc4 22. Bd2
Bb5 23. g5 Nd7 24. c4 dxc3 25. Bxc3 e5 26. h4 f6 27. Qd2 exf4 28. Nxf4 Ne5 29.
Nd5 Qd8 30. Bxe5 1/2-1/2

[Event "7th Sunway Sitges 2020"]
[Site "Sitges ESP"]
[Date "2020.12.22"]
[Round "9.46"]
[White "Llopis de Aysa, Manuel"]
[Black "Ruiz Buendia, Miguel"]
[Result "0-1"]
[WhiteTitle "CM"]
[WhiteElo "2093"]
[BlackElo "2039"]
[WhiteFideId "2203162"]
[BlackFideId "24537675"]
[EventDate "2020.12.13"]

1. d4 Nf6 2. c4 g6 3. Nc3 d5 4. Bg5 Ne4 5. Bh4 Nxc3 6. bxc3 Bg7 7. cxd5 Qxd5 8.
e3 c5 9. Nf3 Nc6 10. Be2 cxd4 11. cxd4 O-O 12. O-O Bf5 13. Qa4 a6 14. Rfc1 Rfc8
15. Qb3 Qxb3 16. axb3 e5 17. dxe5 Nxe5 18. Nd4 Bd3 19. Kf1 Be4 20. Be7 h5 21. h3
Bh6 22. Bd6 Bg7 23. Be7 Nc6 24. Bc5 Rd8 25. Rd1 Nxd4 26. exd4 Bc2 27. Rd2 Bxb3
28. Bf3 Bd5 29. Bxd5 Rxd5 30. Rb2 Rxc5 0-1

[Event "7th Sunway Sitges 2020"]
[Site "Sitges ESP"]
[Date "2020.12.22"]
[Round "9.47"]
[White "Boixader Arbo, Xavier"]
[Black "Rodriguez Diaz, Javier"]
[Result "1-0"]
[WhiteElo "2091"]
[BlackElo "2049"]
[WhiteFideId "32067305"]
[BlackFideId "32044186"]
[EventDate "2020.12.13"]

1. e4 e5 2. Nf3 Nc6 3. d4 exd4 4. Nxd4 Nf6 5. Nc3 Bb4 6. Nxc6 bxc6 7. Bd3 d5 8.
exd5 cxd5 9. O-O O-O 10. Bg5 c6 11. Qf3 Bd6 12. Rfe1 Rb8 13. b3 a5 14. h3 h6 15.
Bf4 Rb4 16. Ne2 c5 17. c3 Rb6 18. Ng3 Bxf4 19. Qxf4 Qd6 20. Qa4 Ba6 21. Nf5 Qd8
22. Rad1 Bxd3 23. Rxd3 Re6 24. Red1 Re4 25. Qc6 Re2 26. Qxc5 Ne4 27. Rxd5 Nxc5
28. Rxd8 1-0

[Event "7th Sunway Sitges 2020"]
[Site "Sitges ESP"]
[Date "2020.12.22"]
[Round "9.48"]
[White "Kanov, Nikola"]
[Black "Diaz Carrasco, Sergio"]
[Result "1-0"]
[WhiteTitle "CM"]
[WhiteElo "2079"]
[BlackElo "2036"]
[WhiteFideId "2928531"]
[BlackFideId "2276429"]
[EventDate "2020.12.13"]

1. e4 d5 2. exd5 Qxd5 3. Nc3 Qd8 4. d4 Nf6 5. Nf3 c6 6. Bc4 Bf5 7. Ne5 e6 8. g4
Bg6 9. h4 Bb4 10. f3 Bxc2 11. Qxc2 Qxd4 12. Qe2 Bxc3+ 13. bxc3 Qxc3+ 14. Kf2
Qxa1 15. Nxf7 O-O 16. Qxe6 Qd4+ 17. Be3 Qd7 18. Ne5+ Qxe6 19. Bxe6+ Kh8 20. h5
Ng8 21. Bd4 Nh6 22. Ng6+ hxg6 23. hxg6 Rf6 24. Rxh6+ gxh6 25. Bxf6# 1-0

[Event "7th Sunway Sitges 2020"]
[Site "Sitges ESP"]
[Date "2020.12.22"]
[Round "9.53"]
[White "Guillo Longares, Cecilia"]
[Black "Lohia, Sohum"]
[Result "1-0"]
[WhiteTitle "WFM"]
[WhiteElo "2089"]
[BlackElo "1987"]
[WhiteFideId "32082681"]
[BlackFideId "5819369"]
[EventDate "2020.12.13"]

1. d4 Nf6 2. c4 b6 3. f3 Nc6 4. Nc3 e5 5. d5 Ne7 6. g4 Ng6 7. h4 h5 8. g5 Ng8 9.
e3 Bc5 10. Bd3 N8e7 11. Bd2 c6 12. Be4 Bb7 13. Nge2 cxd5 14. cxd5 Nc8 15. a3 Be7
16. Qc2 O-O 17. Bxg6 fxg6 18. Qxg6 Qe8 19. Qxe8 Rxe8 20. f4 exf4 21. Nxf4 Bc5
22. Rh3 Ne7 23. O-O-O g6 24. Ne4 Red8 25. b4 Nxd5 26. Nxd5 Bxd5 27. Nf6+ Kf7 28.
Nxd5 Bd6 29. Bc3 Ke6 30. Rf3 Be5 31. Bxe5 Kxe5 32. Ne7 Ke4 33. Rf4+ Kxe3 34.
Nd5+ Ke2 35. Rd2+ Ke1 36. Re4+ Kf1 37. Kd1 Re8 38. Ne7 d5 39. Re1# 1-0

[Event "7th Sunway Sitges 2020"]
[Site "Sitges ESP"]
[Date "2020.12.22"]
[Round "9.55"]
[White "Sanchez Lopez, Juan Manuel"]
[Black "Shatil, Shir"]
[Result "0-1"]
[WhiteElo "2085"]
[BlackElo "1920"]
[WhiteFideId "2227037"]
[BlackFideId "2828278"]
[EventDate "2020.12.13"]

1. c4 e5 2. g3 Nf6 3. Bg2 h6 4. Nc3 Bb4 5. e3 Bxc3 6. dxc3 O-O 7. e4 d6 8. Ne2
Be6 9. b3 Nbd7 10. O-O Nc5 11. f3 a5 12. a4 c6 13. Be3 Qe7 14. Nc1 d5 15. cxd5
cxd5 16. b4 axb4 17. cxb4 Ncd7 18. Nd3 d4 19. Bd2 Bc4 20. Ra3 Nb6 21. a5 Bb5 22.
Re1 Nc4 23. Ra1 Nd7 24. Bf1 Rfc8 25. Nf2 Ra6 26. Bxc4 Bxc4 27. Qa4 Nb6 28. Qd1
Nd7 29. Qa4 b5 30. Qd1 Nf6 31. f4 Nd7 32. Qg4 exf4 33. Bxf4 Be6 34. Qh5 Qxb4 35.
Reb1 Rc5 36. Qxf7+ Kxf7 37. Rxb4 Bc4 38. Rd1 Rxa5 39. Rxd4 Ra1+ 40. Rd1 Rxd1+
41. Nxd1 Be2 42. Ne3 Nf6 43. e5 Nd7 44. Kf2 Bc4 45. g4 g5 46. Bg3 Ke6 47. Nxc4
bxc4 48. Ke3 c3 49. Rb1 Nxe5 50. Kd4 Rc4+ 51. Ke3 Nxg4+ 52. Kd3 Rc6 53. Re1+ Kd5
54. Re2 h5 55. h4 gxh4 56. Bxh4 c2 0-1

[Event "7th Sunway Sitges 2020"]
[Site "Sitges ESP"]
[Date "2020.12.22"]
[Round "9.64"]
[White "Shatil, Or"]
[Black "Gardner, Leo"]
[Result "1-0"]
[WhiteTitle "WCM"]
[WhiteElo "1811"]
[BlackElo "1533"]
[WhiteFideId "2842475"]
[BlackFideId "24585432"]
[EventDate "2020.12.13"]

1. b3 c5 2. Bb2 d6 3. e3 Nf6 4. Nf3 e6 5. c4 Be7 6. Be2 O-O 7. O-O Nc6 8. d4
cxd4 9. exd4 b6 10. Nc3 Bb7 11. Re1 Re8 12. a3 Rc8 13. Bd3 h6 14. Qe2 Na5 15.
Bc2 Nc6 16. d5 exd5 17. Nxd5 Nxd5 18. cxd5 Ne5 19. Nxe5 dxe5 20. Qxe5 Bf6 21.
Qxe8+ Qxe8 22. Rxe8+ Rxe8 23. Bxf6 gxf6 24. d6 Rd8 25. Rd1 Kf8 26. Bf5 Bc6 27.
Kf1 Bd7 28. Bxd7 Rxd7 29. Ke2 Kg7 30. Ke3 f5 31. Kf4 Kf6 32. f3 Ke6 33. h4 a6
34. h5 b5 35. b4 Rd8 36. d7 Kf6 37. g4 fxg4 38. fxg4 Ke6 39. g5 hxg5+ 40. Kxg5
f5 41. h6 Rg8+ 42. Kf4 Rg4+ 43. Kf3 1-0

[Event "7th Sunway Sitges 2020"]
[Site "Sitges ESP"]
[Date "2020.12.23"]
[Round "10.1"]
[White "Moussard, Jules"]
[Black "Santos Latasa, Jaime"]
[Result "1/2-1/2"]
[WhiteTitle "GM"]
[BlackTitle "GM"]
[WhiteElo "2626"]
[BlackElo "2588"]
[WhiteFideId "642908"]
[BlackFideId "2293307"]
[EventDate "2020.12.13"]

1. e4 e5 2. Nf3 Nc6 3. Bb5 a6 4. Ba4 Nf6 5. O-O Nxe4 6. d4 b5 7. Bb3 d5 8. dxe5
Be6 9. a4 b4 10. Nbd2 Be7 11. Nxe4 dxe4 12. Bxe6 Qxd1 13. Rxd1 fxe6 14. Ng5 Bxg5
15. Bxg5 Rf8 16. Bh4 Rg8 17. Bg5 Rf8 18. Bh4 Rg8 19. Bg5 Rf8 1/2-1/2